Open Data Biblioteca Nacional de Portugal


República Portuguesa: Ministério da Cultura
Biblioteca Nacional de Portugal

Catálogo da BNP: acesso por Identificadores Unívocos
Registos Bibliográficos associados ao registo de autoridade

Etiqueta de registo: 00254nam 2200025 450
001 2286588
003 http://id.bnportugal.gov.pt/bib/catbnp/2286588
100 ## $a20260520d1666 m y0pory01030103ba
101 0# $alat
102 ## $aDX
105 ## $ay z 000yy
106 ## $ar
200 1# $aJacobi Bidermani è Societate Jesu Deliciae sacrae
210 #9 $aMonachii$ctypis Joannis Wilhelmi Schell$csumptibus Joannis Wagneri Bibliopolae,$d1666
215 ## $a[6], 400, [2] p.$d8º (14 cm)
307 ## $aNa f. de rosto, emblema da Companhia de Jesus
307 ## $aAssin.: A-R//12
316 ## $aEnc. em pergaminho$5PTBN: R. 1874 P.
317 ## $aPert. manuscrito na f. de guarda anterior: "Aplicado à Liu[ra]r[i]a da 1ª classe de Rhet[orica] do Coll[egi]o da Comp[anhi]a de Jesu de Coimbra"$5PTBN: R. 1874 P.
321 ## $aBayerische Staatsbibliothek BV001372419
500 10 $aDeliciae sacrae
620 ## $dMunique
700 #1 $aBidermann,$bJakob,$f1577-1639,$cS.J.$3166415
702 #1 $aSchell,$bJohann Wilhelm,$ffl. 1655-1668$4610$31998859
702 #1 $aWagner,$bJohann,$ffl. 1647-1685$4650$31998865
712 02 $aCompanhia de Jesus.$bColégio das Artes$c(Coimbra)$4390$367861
801 #0 $aPT$bBN$gRPC
856 40 $2Cópia digital disponível em Bayerische Staatsbibliothek$uhttps://www.digitale-sammlungen.de/view/bsb10260256?page=6%2C7
966 ## $lBN$mFGMON$sR. 1874 P.
971 ## $cpmesqui$d20260520
997 ## $aBIBEOD

OpendataBNP@bnportugal.pt | Mais informação sobre acesso aos dados BNP